Dictionnaire biographique du mouvement ouvrier international / (Titelsatznr. 42691)
[ MARC ]
| 000 -Satzkennung | |
|---|---|
| Kontrollfeld mit fester Länge | 00442nac a22001451ca4500 |
| 001 - Kontrollnummer | |
| Kontrollfeld | oe016142386 |
| 008 - Feld mit fester Länge zur physischen Beschreibung - Allgemeine Angaben | |
| Kontrollfeld mit fester Länge | 170707s2017 gw |||| 000u fre d |
| 040 ## - Katalogisierungsquelle | |
| Übertragungsstelle | RU-10907106 |
| 003 - Kontrollnummer Identifier | |
| Kontrollfeld | RU-10907106 |
| 245 00 - Titel | |
| Titel | Dictionnaire biographique du mouvement ouvrier international / |
| Verfasserangabe etc. | publ. sous la direction de Jean Maitron et Georges Haupt |
| 264 ## - Produktion, Veröffentlichung, Distribution, Herstellung und Urheberrechtsvermerk | |
| Herstellungs-, Veröffentlichungs- Vertriebs-, Erzeugungsort | Paris : |
| Produzent, Herausgeber, Distributor, Hersteller | Éd. Ouvrières, |
| Datum der Herstellung, der Veröffentlichung, des Vertriebs oder des Urheberschutzvermerks | [2017] |
| 700 1# - Nebeneintragung - Personenname | |
| Personenname | Maitron, Jean [Hrsg.] |
| Funktionsbezeichnung | HerausgeberIn |
| 942 ## - Zusätzliche Felder (Koha) | |
| Koha-Medientyp | Monographien |
| Ausgeschieden | Verloren | Beschädigt | Nicht entleihbar | Heimatbibliothek | Aufenthaltsbibliothek | Aufstellungsort | Erwerbungsdatum | Inventarnummer | Signatur | Barcode | Letzte Aktivität | Preis gültig von | Koha-Medientyp |
|---|---|---|---|---|---|---|---|---|---|---|---|---|---|
| MWN Osteuropa | MWN Osteuropa | Lesesaal - 1 | 07/07/2017 | 07-01077 | [mehrbändig! Sign. s. bei den Bänden] | 42695 | 19/02/2021 | 22/03/2021 | Monographien |